[Event "HUN-chT2 Charousek 0506"]
[Site "Hungary"]
[Date "2005.12.04"]
[Round "5"]
[White "Cigan, Stefan"]
[Black "Mincsovics, Miklos"]
[Result "1-0"]
[WhiteElo "2333"]
[BlackElo "2203"]
[PlyCount "103"]
[EventDate "2005.10.16"]
[EventType "team"]
[EventRounds "11"]
[EventCountry "HUN"]
[SourceTitle "EXT 2009"]
[Source "ChessBase"]
[SourceDate "2008.11.26"]
[SourceVersion "1"]
[SourceVersionDate "2008.11.26"]
[SourceQuality "1"]
[WhiteTeam "Szentgotthard"]
[BlackTeam "Szentendre"]
[WhiteTeamCountry "HUN"]
[BlackTeamCountry "HUN"]

1. e4 c5 2. Nc3 e6 3. Nf3 Nc6 4. d4 cxd4 5. Nxd4 Nf6 6. Ndb5 d6 7. Bf4 e5 8. Bg5 a6 9. Na3 b5 10. Nd5 Be7 11. Bxf6 Bxf6 12. c4 b4 13. Nc2 Rb8 14. b3 0-0 15. g3 Bg5 16. Bg2 Kh8 17. 0-0 Bh6 18. Nde3 Bxe3 19. Nxe3 Nd4 20. Nc2 Nxc2 21. Qxc2 Qb6 22. Rad1 Be6 23. Rd3 Qc5 24. Rfd1 Rb6 25. Qe2 Rc8 26. R1d2 a5 27. Qd1 Rd8 28. Qh5 Rf8 29. Bh3 Kg8 30. Bf5 g6 31. Qg5 Re8 32. Bxe6 fxe6 33. Qf6 Rb7 34. Rf3 Qc6 35. h4 Rg7 36. Re3 Qc5 37. Qg5 Rf8 38. Qg4 Re7 39. h5 Kg7 40. h6+ Kg8 41. Red3 Rf6 42. Rxd6 Rxf2 43. Rxf2 Qxd6 44. Qf3 Rd7 45. Qf6 Rc7 46. Kg2 a4 47. c5 Qe7 48. Qxe5 a3 49. c6 g5 50. Rf6 g4 51. Rxe6 Qf8 52. Re8 1-0

[Event "HUN-chT2 Charousek 0506"]
[Site "Hungary"]
[Date "2005.10.16"]
[Round "1"]
[White "Horvath, Imre"]
[Black "Mincsovics, Miklos"]
[Result "1/2-1/2"]
[WhiteElo "2320"]
[BlackElo "2203"]
[PlyCount "76"]
[EventDate "2005.10.16"]
[EventType "team"]
[EventRounds "11"]
[EventCountry "HUN"]
[SourceTitle "EXT 2009"]
[Source "ChessBase"]
[SourceDate "2008.11.26"]
[SourceVersion "1"]
[SourceVersionDate "2008.11.26"]
[SourceQuality "1"]
[WhiteTeam "Keszthely"]
[BlackTeam "Szentendre"]
[WhiteTeamCountry "HUN"]
[BlackTeamCountry "HUN"]

1. e4 Nc6 2. Nc3 d6 3. d4 e5 4. Bb5 exd4 5. Bxc6+ bxc6 6. Qxd4 Nf6 7. Nf3 Be7 8. Be3 0-0 9. h3 d5 10. e5 c5 11. Qd3 d4 12. exf6 Bxf6 13. 0-0-0 dxc3 14. Qxd8 cxb2+ 15. Kb1 Rxd8 16. Rxd8+ Bxd8 17. Bxc5 Bf6 18. Bd4 Rb8 19. Bxf6 gxf6 20. Nd4 Bb7 21. Re1 Bd5 22. Nb3 a5 23. Nxa5 c5 24. c4 Be6 25. g4 h5 26. f3 Rb6 27. Re3 hxg4 28. hxg4 Rb4 29. Nb3 Bxc4 30. Kxb2 Be6 31. Kc3 Ra4 32. Re2 Bd5 33. Rf2 Rf4 34. Kd2 Rxf3 35. Rxf3 Bxf3 36. Nxc5 Bxg4 37. a4 Bf3 38. Ke3 Bc6 1/2-1/2

[Event "HUN-chT2 Charousek 0405"]
[Site "Hungary"]
[Date "2005.03.06"]
[Round "9"]
[White "Feletar, Darko"]
[Black "Mincsovics, Miklos"]
[Result "1-0"]
[WhiteElo "2415"]
[BlackElo "2182"]
[PlyCount "56"]
[EventDate "2004.09.26"]
[EventType "team"]
[EventRounds "11"]
[EventCountry "HUN"]
[SourceTitle "EXT 2008"]
[Source "ChessBase"]
[SourceDate "2007.11.25"]
[SourceVersion "1"]
[SourceVersionDate "2007.11.25"]
[SourceQuality "1"]
[WhiteTeam "Szenna Pack"]
[BlackTeam "Szentendre"]
[WhiteTeamCountry "HUN"]
[BlackTeamCountry "HUN"]

1. e4 Nc6 2. d4 d6 3. Nc3 e5 4. Nge2 g6 5. Be3 Bg7 6. Qd2 h5 7. 0-0-0 Nh6 8. h3 f6 9. Kb1 Nf7 10. g3 0-0 11. f4 Ne7 12. Bg2 c6 13. Qe1 b5 14. Nc1 Qc7 15. Bf3 b4 16. N3e2 d5 17. g4 dxe4 18. Bxe4 Nd6 19. Bg2 hxg4 20. dxe5 fxe5 21. hxg4 Bxg4 22. Bc5 Ndf5 23. Qxb4 Rfb8 24. Qc4+ Kf8 25. c3 Bh5 26. Be4 Bg4 27. Qe6 Ne3 28. Qxg6 Rxb2+ 1-0

[Event "HUN-chT2 Charousek 0405"]
[Site "Hungary"]
[Date "2005.02.20"]
[Round "8"]
[White "Mincsovics, Miklos"]
[Black "Magyar, Otto"]
[Result "0-1"]
[WhiteElo "2182"]
[BlackElo "2283"]
[PlyCount "106"]
[EventDate "2004.09.26"]
[EventType "team"]
[EventRounds "11"]
[EventCountry "HUN"]
[SourceTitle "EXT 2008"]
[Source "ChessBase"]
[SourceDate "2007.11.25"]
[SourceVersion "1"]
[SourceVersionDate "2007.11.25"]
[SourceQuality "1"]
[WhiteTeam "Szentendre"]
[BlackTeam "Keszthely"]
[WhiteTeamCountry "HUN"]
[BlackTeamCountry "HUN"]

1. e4 c6 2. d3 d5 3. Nd2 e5 4. Ngf3 Nd7 5. c3 Bd6 6. Be2 Ne7 7. 0-0 0-0 8. Re1 Ng6 9. d4 exd4 10. cxd4 dxe4 11. Nxe4 Bb4 12. Bg5 Qc7 13. Nc3 Nb6 14. Bd3 Be6 15. Ne5 Rfe8 16. Qh5 Nf8 17. Ng4 Be7 18. Bxe7 Qxe7 19. Ne3 Rad8 20. Rad1 Qb4 21. Qc5 Qxc5 22. dxc5 Nbd7 23. b4 Nf6 24. Bf1 Ng6 25. f3 Kf8 26. Rxd8 Rxd8 27. Rd1 Rxd1 28. Nexd1 Nf4 29. Ne3 Ke7 30. g3 N4d5 31. Ncxd5+ Bxd5 32. Nxd5+ Nxd5 33. a3 b6 34. cxb6 Nxb6 35. Bd3 h6 36. Kf2 Kd6 37. Ke3 c5 38. Be4 Nc4+ 39. Kd3 Nxa3 40. bxc5+ Kxc5 41. f4 Nb5 42. Bh7 Nd6 43. h4 h5 44. Ke3 g6 45. Kf3 a5 46. g4 hxg4+ 47. Kxg4 a4 48. h5 a3 49. h6 a2 50. Bg8 a1Q 51. h7 Qg7 52. Kg5 Ne4+ 53. Kh4 Nf6 0-1